Gaming Quiz

Random Gaming Quiz

Brawl Tier List Quiz Stats

 Plays Quiz not verified by Sporcle

Challenge
Share
Tweet
Embed
Score 0/37 Timer 10:00
0 Plays Today
Tier Character % Correct
SSMeta Knight
98.5%
SSnake
84.3%
SWario
56.7%
SFalco
55.2%
GGanondorf
53.7%
SDiddy Kong
50.7%
FLink
45.5%
SKing Dedede
43.3%
AMarth
42.5%
ARob
38.8%
FCaptain Falcon
38.8%
AKirby
37.3%
DZelda
36.6%
APikachu
35.8%
CFox
35.8%
ESamus
35.8%
AMr. Game & Watch
35.1%
BLucario
35.1%
CSonic
35.1%
Tier Character % Correct
DIke
35.1%
EMario
35.1%
FJigglypuff
35.1%
AOlimar
34.3%
CWolf
34.3%
ENess
34.3%
EYoshi
34.3%
BDonkey Kong
33.6%
CLuigi
33.6%
ELucas
33.6%
BToon Link
32.8%
BPit
32.1%
DBowser
32.1%
AIce Climbers
31.3%
CPeach
30.6%
BZero Suit Samus
29.9%
DPokemon Trainer
28.4%
CSheik
27.6%

You're not logged in!

Compare scores with friends on all Sporcle quizzes.
OR
Log In

You Might Also Like...

Show Comments

Extras

Created Jan 23, 2010ReportNominate
Tags:brawl, character, tier

Top Quizzes Today


Score Distribution

Your Account Isn't Verified!

In order to create a playlist on Sporcle, you need to verify the email address you used during registration. Go to your Sporcle Settings to finish the process.

Report this User

Report this user for behavior that violates our Community Guidelines.

Details: